| 000 | 01049nam0a2200277 4500 | ||
|---|---|---|---|
| 001 | RU\NLR\BIBL_A\022801090 | ||
| 005 | 20260510043005.0 | ||
| 035 | _a(NLR Aleph) 022801090 | ||
| 090 |
_a13702280 _c13702280 |
||
| 100 | _a20260506d1908 m y0rusy50 ca | ||
| 101 | 0 | _atat | |
| 102 | _aRU | ||
| 105 | _ay z 000 y | ||
| 181 | 0 |
_ai _baxxe |
|
| 182 | 0 | _an | |
| 200 | 1 |
_aМөселман остазбикәләренең әдәбе _eтөрекчәдән тәрҗемә _fмөтәрҗим вә нашире: дамелля Мөхәммәтсадыйк әл-Госмани талибәләреннән Ш. М. С. әл-Җаекый |
|
| 203 |
_aТекст _bвизуальный _cнепосредственный |
||
| 210 |
_aОренбург _c"Дин вә мәгыйшәт" матбагасы _d1908 |
||
| 215 |
_a32 б. _d22 |
||
| 300 | _aАраб. графика. | ||
| 541 | 1 |
_a[Этика мусульманок-преподавателей]. _zrus |
|
| 686 | 1 | _aЭ38-677.2 | |
| 686 | 1 | _aЧ33(2)5 | |
| 942 | _cBOOK | ||
| 980 | _aNB | ||